000 00873cam a2200241 a 4500
001 16008392
005 20251121112034.0
008 091204s2010 nju b 001 0 eng
020 _a9780470380369
_qpbk.
020 _a0470380365
_qpbk.
050 0 0 _aTH425
_b.R59 2010
082 0 0 _a692/.3
_222
245 0 0 _aConstruction specifications writing :
_bprinciples and procedures /
_cMark Kalin ... [et al.].
250 _a6th ed.
260 _aHoboken, N.J. :
_bJohn Wiley & Sons,
_cc2010.
300 _axvi, 506 p. ;
_c28 cm.
500 _aRev. ed. of: Construction specifications writing : principles and procedures / Harold J. Rosen, John R. Regener, Jr. 2005.
650 0 _aSpecification writing.
650 0 _aBuildings
_vSpecifications.
700 1 _aKalin, Mark.
700 1 _aRosen, Harold J.
_tConstruction specifications writing.
942 _2lcc
_cBK
_e6th ed.
_n0
999 _c8290
_d8290